[Event "Bratislava Doprastav op"]
[Site "Bratislava"]
[Date "2019.04.21"]
[Round "6"]
[White "Kucharek, Tibor"]
[Black "Fedor, Pavol"]
[Result "1-0"]
[WhiteElo "1645"]
[BlackElo "1588"]
[PlyCount "55"]
[EventDate "2019.04.18"]
[EventType "swiss"]
[EventRounds "7"]
[EventCountry "SVK"]
[SourceTitle "CBM 189 Extra"]
[Source "ChessBase"]
[SourceDate "2019.05.31"]
[SourceVersion "1"]
[SourceVersionDate "2019.05.31"]
[SourceQuality "1"]

1. d4 Nf6 2. c4 g6 3. Nc3 Bg7 4. Nf3 d6 5. e4 0-0 6. Bd3 Nbd7 7. 0-0 e5 8. d5 c6 9. Bg5 Qc7 10. Qd2 Re8 11. b4 a6 12. a4 cxd5 13. cxd5 Nb6 14. Rfc1 Qd7 15. Bxf6 Bxf6 16. a5 Qd8 17. axb6 Qxb6 18. Na4 Qd8 19. h3 g5 20. g4 h5 21. Nh2 hxg4 22. Nxg4 Bxg4 23. hxg4 Kg7 24. Kg2 b5 25. Nc3 Rh8 26. Nd1 Rh4 27. Ne3 Qd7 28. Nf5+ 1-0

[Event "Bratislava Doprastav op"]
[Site "Bratislava"]
[Date "2019.04.20"]
[Round "4"]
[White "Tomic, Stjepan"]
[Black "Fedor, Pavol"]
[Result "1-0"]
[WhiteElo "1859"]
[BlackElo "1588"]
[PlyCount "111"]
[EventDate "2019.04.18"]
[EventType "swiss"]
[EventRounds "7"]
[EventCountry "SVK"]
[SourceTitle "CBM 189 Extra"]
[Source "ChessBase"]
[SourceDate "2019.05.31"]
[SourceVersion "1"]
[SourceVersionDate "2019.05.31"]
[SourceQuality "1"]

1. e4 c6 2. d4 d5 3. f3 Nd7 4. Nc3 e5 5. exd5 Qh4+ 6. g3 Qxd4 7. Qxd4 exd4 8. dxc6 dxc3 9. cxd7+ Bxd7 10. bxc3 Rc8 11. Bd2 Nf6 12. Bd3 Bc6 13. Rb1 h6 14. Bb5 b6 15. Ne2 Bxb5 16. Rxb5 Bc5 17. Rb2 0-0 18. Nd4 Rfd8 19. Nb3 Ba3 20. Rb1 Nd5 21. Rd1 Bb2 22. 0-0 Bxc3 23. Bxc3 Rxc3 24. Rf2 Rc7 25. Rfd2 Rcd7 26. c4 Nf6 27. Rxd7 Rxd7 28. Rxd7 Nxd7 29. Kf2 Kf8 30. Ke3 Ke7 31. Kd4 Kd6 32. h4 g5 33. hxg5 hxg5 34. Ke4 f6 35. Kf5 a5 36. a4 Ke7 37. g4 Kf7 38. Ke4 Ke6 39. Kd4 Kd6 40. Nd2 Kc6 41. Ne4 Nc5 42. Nxf6 Nxa4 43. Ne4 Nc5 44. Nxg5 a4 45. Kc3 a3 46. Ne4 Nd3 47. Kb3 Ne1 48. Nd2 Kc5 49. Kxa3 Nc2+ 50. Kb2 Ne3 51. Kc3 Nd1+ 52. Kb3 Nf2 53. Ne4+ Nxe4 54. fxe4 Kd6 55. Kb4 Kc6 56. e5 1-0